000 00816nam a2200265Ia 4500
005 20260121170029.0
008 008 260114s9999 xx 000 0 eng d
020 _a9783319464725
037 _aEBOOK
040 _aCRL
040 _beng
040 _cCRL
041 _2eng
041 _aeng
084 _qCRL
100 _aRaj Shekhar, Stefan Wesarg, Miguel Ángel González Ballester, Klaus Drechsler, Yoshinobu Sato, Marius Erdt, Marius George Linguraru, Cristina Oyarzun Laura
_91058955
245 0 _aClinical Image-Based Procedures. Translational Research in Medical Imaging
260 _bSpringer
260 _bSpringer
260 _c2016
856 _uhttps://link.springer.com/openurl?genre=book&isbn=978-3-319-46472-5
942 _cEBOOK
999 _c1624684
_d1624684